It looks like you're offline.
Open Library logo
additional options menu

MARC record from Internet Archive

LEADER: 00834nam a2200241K 4500
001 1246456
003 CLU
005 20040711000000.0
007 t
008 820630s1896 enkf 000 0 eng d
035 $a(OCoLC)08566205
035 $907-ADG-9040
040 $aBOS$cBOS$dCLU
100 1 $aDoyle, Arthur Conan,$cSir,$d1859-1930.
245 14 $aThe exploits of Brigadier Gerard,$cby Arthur Conan Doyle ...
260 $aLondon :$bG. Newnes,$c1896.
300 $a4 p. L., [3]-334 p.$bfront., plates.$c20 cm.
852 $82.1$aLAGE$bsrud2
852 $83.1$aSDB$blfsp$jMystery 8633
852 $84.1$aDVXL$bSSPEC-GEN$hPR4622$i.E9 1896
852 $81.1$aLAGE$byrspbooth$h742$kSadleir
852 $85.1$aGLAD$bBANC$hPR4622$i.E9 1896$zRed cloth.$zAssociation: From the library at San Simeon of William Randolph Hearst.
901 $aLAGE$b1246456